000
00298nam a2200097Ia 4500
008
180205s9999 xx 000 0 und d
020
_a
9712335135
245
_a
(R.A No. 9165) Comprehensive dangerous drugs act of 2002 /
260
_a
Recto Avenue City
_b
REX book store
_c
2002
300
_a
iii, 84 pages
999
_c
354804
_d
354804